Lịch vạn niên Dịch học phổ thông

সংরক্ষণ করুন:
গ্রন্থ-পঞ্জীর বিবরন
বিন্যাস: Sách giấy
ভাষা:Vietnamese
ট্যাগগুলো: ট্যাগ যুক্ত করুন
কোনো ট্যাগ নেই, প্রথমজন হিসাবে ট্যাগ করুন!
Thư viện lưu trữ: Thư viện Trường Đại học Đà Lạt
LEADER 00512nam a2200241 4500
001 DLU020014864
005 ##7/8/2000
020 # # |a 978- 
041 # # |a vie 
082 # # |a 181.11  |b Lic 
090 # # |a 181.11  |b Lic 
245 # # |a Lịch vạn niên Dịch học phổ thông 
300 # # |a 807 tr.;   |c 28 cm. 
992 # # |a 110000 
994 # # |a DLU 
998 # # |a TK 
900 # # |a False 
911 # # |a Administrator 
925 # # |a G 
926 # # |a A 
927 # # |a SH 
980 # # |a Thư viện Trường Đại học Đà Lạt